[Event "DMP Ekstraliga 2020"]
[Site "Krakow"]
[Date "2020.08.29"]
[Round "4.22"]
[White "Bobras, Piotr"]
[Black "Tazbir, Marcin"]
[Result "1/2-1/2"]
[WhiteElo "2487"]
[BlackElo "2510"]
[Annotator "ChessBase"]
[PlyCount "24"]
[EventDate "2020.08.26"]
[EventType "team-tourn"]
[EventCountry "POL"]
[SourceTitle "playchess.com"]
[Source "ChessBase"]
[SourceQuality "1"]
[WhiteTeam "Miedz Legnica"]
[BlackTeam "Polonia Wroclaw"]
[TimeControl "30/5400+30:1800+30"]

1. e4 {[%emt 0:00:00]} e6 {[%emt 0:00:00]} 2. d4 {[%emt 0:00:00]} d5 {[%emt 0:00:00]} 3. Nc3 {[%emt 0:00:00]} dxe4 {[%emt 0:00:00]} 4. Nxe4 {[%emt 0:00:00]} Bd7 {[%emt 0:00:01]} 5. Nf3 {[%emt 0:07:02]} Bc6 {[%emt 0:00:04]} 6. Bd3 {[%emt 0:06:13]} Nd7 {[%emt 0:00:34]} 7. O-O {[%emt 0:00:36]} Ngf6 {[%emt 0:00:06]} 8. Ng3 {[%emt 0:00:37]} g6 {[%emt 0:00:10]} 9. b3 {[%emt 0:11:26]} Bg7 {[%emt 0:00:05]} 10. Ba3 {[%emt 0:03:19]} Bf8 {[%emt 0:00:03]} 11. Bb2 {[%emt 0:01:39]} Bg7 {[%emt 0:00:05]} 12. Ba3 {[%emt 0:08:01]} Bf8 {[%emt 0:00:22]} 1/2-1/2

[Event "DMP Ekstraliga 2020"]
[Site "Krakow"]
[Date "2020.08.29"]
[Round "4.23"]
[White "Wieczorek, Oskar"]
[Black "Murdzia, Piotr"]
[Result "1/2-1/2"]
[WhiteElo "2493"]
[BlackElo "2423"]
[Annotator "ChessBase"]
[PlyCount "142"]
[EventDate "2020.08.26"]
[EventType "team-tourn"]
[EventCountry "POL"]
[SourceTitle "playchess.com"]
[Source "ChessBase"]
[SourceQuality "1"]
[WhiteTeam "Polonia Wroclaw"]
[BlackTeam "Miedz Legnica"]
[TimeControl "30/5400+30:1800+30"]

1. e4 {[%emt 0:00:00]} e5 {[%emt 0:00:00]} 2. Nf3 {[%emt 0:00:00]} Nc6 {[%emt 0:00:00]} 3. Bb5 {[%emt 0:00:00]} a6 {[%emt 0:00:00]} 4. Ba4 {[%emt 0:00:00]} Nf6 {[%emt 0:00:00]} 5. O-O {[%emt 0:00:00]} Be7 {[%emt 0:00:13]} 6. Re1 {[%emt 0:00:27]} b5 {[%emt 0:00:14]} 7. Bb3 {[%emt 0:00:06]} d6 {[%emt 0:00:25]} 8. c3 {[%emt 0:00:07]} O-O {[%emt 0:00:23]} 9. h3 {[%emt 0:00:09]} Na5 {[%emt 0:00:47]} 10. Bc2 {[%emt 0:02:35]} c5 {[%emt 0:00:08]} 11. d4 {[%emt 0:00:05]} Nd7 {[%emt 0:00:38]} 12. Nbd2 {[%emt 0:01:50]} exd4 {[%emt 0:00:46]} 13. cxd4 {[%emt 0:00:18]} Nc6 {[%emt 0:00:45]} 14. d5 {[%emt 0:00:52]} Nce5 {[%emt 0:00:40]} 15. a4 {[%emt 0:01:37]} Rb8 {[%emt 0:02:20]} 16. Nxe5 {[%emt 0:06:51]} Nxe5 {[%emt 0:00:39]} 17. axb5 {[%emt 0:03:55]} axb5 {[%emt 0:00:14]} 18. f4 {[%emt 0:00:11]} Ng6 {[%emt 0:02:14]} 19. Nf3 {[%emt 0:00:15]} Bh4 {[%emt 0:01:45]} 20. Nxh4 {[%emt 0:00:38]} Qxh4 {[%emt 0:00:20]} 21. f5 {[%emt 0:00:58]} Ne5 {[%emt 0:01:09]} 22. Rf1 {[%emt 0:00:05]} b4 {[%emt 0:21:37]} 23. Bf4 {[%emt 0:15:16]} Qe7 {[%emt 0:07:53]} 24. Qe2 {[%emt 0:11:42]} f6 {[%emt 0:02:47]} 25. Ra5 {[%emt 0:22:46]} b3 {[%emt 0:07:16]} 26. Bb1 {[%emt 0:13:00]} Bd7 {[%emt 0:04:16]} 27. Bd2 {[%emt 0:06:36]} Ra8 {[%emt 0:00:44]} 28. Bd3 {[%emt 0:04:21]} Rxa5 {[%emt 0:19:32]} 29. Bxa5 {[%emt 0:00:08]} Bxf5 {[%emt 0:00:14]} 30. exf5 {[%emt 0:07:09]} Qa7 {[%emt 0:00:06]} 31. Bc3 {[%emt 0:32:04]} c4+ {[%emt 0:30:14]} 32. Kh1 {[%emt 0:00:46]} cxd3 {[%emt 0:00:20]} 33. Qe4 {[%emt 0:00:32]} Qa6 {[%emt 0:01:21]} 34. Rd1 {[%emt 0:01:01]} Re8 {[%emt 0:01:25]} 35. Bxe5 {[%emt 0:00:16]} Rxe5 {[%emt 0:12:41]} 36. Qxd3 {[%emt 0:00:05]} Qxd3 {[%emt 0:00:46]} 37. Rxd3 {[%emt 0:00:05]} Rxf5 {[%emt 0:00:23]} 38. Rxb3 {[%emt 0:00:03]} Rxd5 {[%emt 0:00:16]} 39. Rb7 {[%emt 0:00:32]} h5 {[%emt 0:00:33]} 40. b4 {[%emt 0:00:00]} Rd1+ {[%emt 0:00:00]} 41. Kh2 {[%emt 0:00:00]} h4 {[%emt 0:00:00]} 42. b5 {[%emt 0:00:00]} Kh7 {[%emt 0:00:00]} 43. Rd7 {[%emt 0:00:00]} Rb1 {[%emt 0:00:00]} 44. Rxd6 {[%emt 0:00:00]} Rxb5 {[%emt 0:00:00]} 45. Kg1 {[%emt 0:00:00]} Rb2 {[%emt 0:00:00]} 46. Rd7 {[%emt 0:00:00]} Kh6 {[%emt 0:00:00]} 47. Rd4 {[%emt 0:00:00]} g5 {[%emt 0:00:00]} 48. Rd5 {[%emt 0:00:00]} Re2 {[%emt 0:00:00]} 49. Kf1 {[%emt 0:00:00]} Re5 {[%emt 0:00:00]} 50. Rd4 {[%emt 0:00:00]} Kg6 {[%emt 0:00:00]} 51. Kf2 {[%emt 0:00:00]} Kf5 {[%emt 0:00:00]} 52. Kf3 {[%emt 0:00:00]} Ra5 {[%emt 0:00:00]} 53. Rd3 {[%emt 0:00:00]} Ra4 {[%emt 0:00:00]} 54. Rd5+ {[%emt 0:00:00]} Ke6 {[%emt 0:00:00]} 55. Rb5 {[%emt 0:00:00]} Rf4+ {[%emt 0:00:00]} 56. Ke3 {[%emt 0:00:00]} Rf5 {[%emt 0:00:00]} 57. Rb6+ {[%emt 0:00:00]} Kf7 {[%emt 0:00:00]} 58. Ra6 {[%emt 0:00:00]} Kg6 {[%emt 0:00:00]} 59. Ra3 {[%emt 0:00:00]} Rf1 {[%emt 0:00:00]} 60. Ke2 {[%emt 0:00:00]} Rf4 {[%emt 0:00:00]} 61. Ra5 {[%emt 0:00:00]} Rb4 {[%emt 0:00:00]} 62. Kf3 {[%emt 0:00:00]} Rb6 {[%emt 0:00:00]} 63. Rc5 {[%emt 0:00:00]} f5 {[%emt 0:00:00]} 64. Ra5 {[%emt 0:00:00]} Rb3+ {[%emt 0:00:00]} 65. Kf2 {[%emt 0:00:00]} Rc3 {[%emt 0:00:00]} 66. Rb5 {[%emt 0:00:00]} Kf6 {[%emt 0:00:00]} 67. Ra5 {[%emt 0:00:00]} Ke6 {[%emt 0:00:00]} 68. Rb5 {[%emt 0:00:00]} g4 {[%emt 0:00:00]} 69. hxg4 {[%emt 0:00:00]} fxg4 {[%emt 0:00:00]} 70. Rh5 {[%emt 0:00:00]} Rc2+ {[%emt 0:01:14]} 71. Ke3 {[%emt 0:00:00]} Rxg2 {[%emt 0:01:07]} 1/2-1/2

[Event "DMP Ekstraliga 2020"]
[Site "Krakow"]
[Date "2020.08.29"]
[Round "4.24"]
[White "Kiolbasa, Oliwia"]
[Black "Zawadzka, Jolanta"]
[Result "0-1"]
[WhiteElo "2160"]
[BlackElo "2419"]
[Annotator "ChessBase"]
[PlyCount "80"]
[EventDate "2020.08.26"]
[EventType "team-tourn"]
[EventCountry "POL"]
[SourceTitle "playchess.com"]
[Source "ChessBase"]
[SourceQuality "1"]
[WhiteTeam "Miedz Legnica"]
[BlackTeam "Polonia Wroclaw"]
[TimeControl "30/5400+30:1800+30"]

1. e4 {[%emt 0:00:00]} e5 {[%emt 0:00:00]} 2. Nf3 {[%emt 0:00:00]} Nc6 {[%emt 0:00:00]} 3. Bb5 {[%emt 0:00:00]} f5 {[%emt 0:00:00]} 4. d3 {[%emt 0:00:26]} fxe4 {[%emt 0:00:09]} 5. dxe4 {[%emt 0:00:08]} Nf6 {[%emt 0:00:06]} 6. O-O {[%emt 0:00:52]} d6 {[%emt 0:00:11]} 7. Nc3 {[%emt 0:03:26]} Be7 {[%emt 0:00:46]} 8. a4 {[%emt 0:05:59]} Bg4 {[%emt 0:09:52]} 9. Qd3 {[%emt 0:07:07]} Qd7 {[%emt 0:02:32]} 10. Nd5 {[%emt 0:02:29]} O-O {[%emt 0:06:36]} 11. h3 {[%emt 0:15:21]} Bxf3 {[%emt 0:24:10]} 12. Qxf3 {[%emt 0:08:30]} a6 {[%emt 0:00:26]} 13. Nxe7+ {[%emt 0:03:12]} Qxe7 {[%emt 0:00:06]} 14. Bc4+ {[%emt 0:00:06]} Kh8 {[%emt 0:00:29]} 15. c3 {[%emt 0:05:54]} Nd8 {[%emt 0:04:38]} 16. Qe2 {[%emt 0:03:22]} Ne6 {[%emt 0:00:35]} 17. g3 {[%emt 0:00:26]} c6 {[%emt 0:03:58]} 18. Bd3 {[%emt 0:07:14]} Qf7 {[%emt 0:04:48]} 19. a5 {[%emt 0:07:55]} Qg6 {[%emt 0:03:17]} 20. b4 {[%emt 0:01:24]} Rf7 {[%emt 0:04:52]} 21. Kh2 {[%emt 0:01:37]} Raf8 {[%emt 0:02:36]} 22. Ra2 {[%emt 0:09:35]} Nh5 {[%emt 0:01:32]} 23. Rg1 {[%emt 0:12:05]} Ng5 {[%emt 0:07:23]} 24. Bxg5 {[%emt 0:00:26]} Qxg5 {[%emt 0:00:03]} 25. Rg2 {[%emt 0:01:00]} Rf3 {[%emt 0:02:56]} 26. Rd2 {[%emt 0:00:03]} Qh6 {[%emt 0:02:15]} 27. c4 {[%emt 0:01:50]} g5 {[%emt 0:01:39]} 28. Kg1 {[%emt 0:01:04]} Ng7 {[%emt 0:00:26]} 29. Rh2 {[%emt 0:00:25]} Ne6 {[%emt 0:00:20]} 30. Qd1 {[%emt 0:00:45]} Qf6 {[%emt 0:01:54]} 31. Qe1 {[%emt 0:31:30]} Nd4 {[%emt 0:30:28]} 32. Be2 {[%emt 0:00:22]} Rc3 {[%emt 0:02:46]} 33. Qd1 {[%emt 0:01:15]} c5 {[%emt 0:01:42]} 34. bxc5 {[%emt 0:00:12]} dxc5 {[%emt 0:00:04]} 35. Rg2 {[%emt 0:00:14]} Qc6 {[%emt 0:01:37]} 36. Bd3 {[%emt 0:00:59]} Nf3+ {[%emt 0:02:02]} 37. Kf1 {[%emt 0:00:04]} Qd7 {[%emt 0:00:40]} 38. Ke2 {[%emt 0:00:14]} Nxd2 {[%emt 0:00:56]} 39. Qxd2 {[%emt 0:00:06]} Qd4 {[%emt 0:00:09]} 40. g4 {[%emt 0:00:00]} Rf3 {[%emt 0:00:00]} 0-1

[Event "DMP Ekstraliga 2020"]
[Site "Krakow"]
[Date "2020.08.29"]
[Round "4.25"]
[White "Huschenbeth, Niclas"]
[Black "Matuszewski, Michal"]
[Result "1-0"]
[WhiteElo "2605"]
[BlackElo "2508"]
[Annotator "ChessBase"]
[PlyCount "97"]
[EventDate "2020.08.26"]
[EventType "team-tourn"]
[EventCountry "POL"]
[SourceTitle "playchess.com"]
[Source "ChessBase"]
[SourceQuality "1"]
[WhiteTeam "Silesia Raciborz"]
[BlackTeam "Dwie Wieze Krakow"]
[TimeControl "30/5400+30:1800+30"]

1. e4 {[%emt 0:00:00]} c5 {[%emt 0:00:00]} 2. Nf3 {[%emt 0:00:00]} d6 {[%emt 0:00:00]} 3. d4 {[%emt 0:00:00]} cxd4 {[%emt 0:00:00]} 4. Nxd4 {[%emt 0:00:00]} Nf6 {[%emt 0:00:00]} 5. Nc3 {[%emt 0:00:00]} a6 {[%emt 0:00:00]} 6. h3 {[%emt 0:05:57]} e5 {[%emt 0:05:17]} 7. Nb3 {[%emt 0:01:07]} h5 {[%emt 0:02:03]} 8. Be2 {[%emt 0:07:18]} Be7 {[%emt 0:05:29]} 9. Bg5 {[%emt 0:02:46]} Nbd7 {[%emt 0:02:29]} 10. a4 {[%emt 0:11:22]} b6 {[%emt 0:09:00]} 11. Nd2 {[%emt 0:04:59]} Bb7 {[%emt 0:03:20]} 12. Nc4 {[%emt 0:01:40]} Qc7 {[%emt 0:00:20]} 13. Ne3 {[%emt 0:01:34]} g6 {[%emt 0:05:19]} 14. Bc4 {[%emt 0:04:21]} Qc5 {[%emt 0:11:45]} 15. Bxf6 {[%emt 0:00:44]} Nxf6 {[%emt 0:00:15]} 16. Bd5 {[%emt 0:00:11]} Nxd5 {[%emt 0:03:49]} 17. Nexd5 {[%emt 0:00:59]} Bd8 {[%emt 0:03:11]} 18. Qd3 {[%emt 0:01:22]} O-O {[%emt 0:05:43]} 19. O-O {[%emt 0:00:48]} Rc8 {[%emt 0:01:26]} 20. Rad1 {[%emt 0:01:10]} Kg7 {[%emt 0:03:01]} 21. Ne3 {[%emt 0:27:17]} Bg5 {[%emt 0:06:03]} 22. Qxd6 {[%emt 0:03:37]} Bxe3 {[%emt 0:00:26]} 23. fxe3 {[%emt 0:00:07]} Qxe3+ {[%emt 0:02:50]} 24. Kh2 {[%emt 0:09:42]} f6 {[%emt 0:01:51]} 25. Qe6 {[%emt 0:05:53]} Rc7 {[%emt 0:01:58]} 26. Rf3 {[%emt 0:03:16]} Qc5 {[%emt 0:04:12]} 27. Rd6 {[%emt 0:00:06]} Bc8 {[%emt 0:03:51]} 28. Qd5 {[%emt 0:00:01]} Bb7 {[%emt 0:01:35]} 29. Qe6 {[%emt 0:00:05]} Bc8 {[%emt 0:00:03]} 30. Qd5 {[%emt 0:00:04]} Bb7 {[%emt 0:00:04]} 31. Qxc5 {[%emt 0:32:30]} bxc5 {[%emt 0:30:07]} 32. Rfd3 {[%emt 0:01:16]} Rff7 {[%emt 0:02:28]} 33. Rb6 {[%emt 0:01:39]} Rfd7 {[%emt 0:03:21]} 34. Rxd7+ {[%emt 0:00:38]} Rxd7 {[%emt 0:00:02]} 35. Kg3 {[%emt 0:00:10]} Kf7 {[%emt 0:01:04]} 36. h4 {[%emt 0:01:29]} f5 {[%emt 0:02:42]} 37. Kf3 {[%emt 0:00:12]} c4 {[%emt 0:09:14]} 38. Ke3 {[%emt 0:01:10]} fxe4 {[%emt 0:03:12]} 39. a5 {[%emt 0:03:01]} Kg7 {[%emt 0:01:14]} 40. Re6 {[%emt 0:00:00]} Bc8 {[%emt 0:00:00]} 41. Rc6 {[%emt 0:00:00]} Bb7 {[%emt 0:00:00]} 42. Rxc4 {[%emt 0:00:00]} Kf6 {[%emt 0:00:00]} 43. Rb4 {[%emt 0:00:00]} Rc7 {[%emt 0:00:00]} 44. Rb6+ {[%emt 0:00:00]} Kf5 {[%emt 0:00:00]} 45. Nd1 {[%emt 0:00:00]} Bc8 {[%emt 0:00:00]} 46. c3 {[%emt 0:00:00]} Rc5 {[%emt 0:00:00]} 47. Kf2 {[%emt 0:00:00]} Kg4 {[%emt 0:00:00]} 48. Rxg6+ {[%emt 0:00:00]} Kxh4 {[%emt 0:00:00]} 49. Kg1 {[%emt 0:00:00]} 1-0

[Event "DMP Ekstraliga 2020"]
[Site "Krakow"]
[Date "2020.08.29"]
[Round "4.26"]
[White "Leniart, Arkadiusz"]
[Black "Nasuta, Grzegorz"]
[Result "1/2-1/2"]
[WhiteElo "2482"]
[BlackElo "2553"]
[Annotator "TA"]
[PlyCount "197"]
[EventDate "2020.08.26"]
[EventType "team-tourn"]
[EventCountry "POL"]
[SourceTitle "playchess.com"]
[Source "ChessBase"]
[SourceQuality "1"]
[WhiteTeam "Dwie Wieze Krakow"]
[BlackTeam "Silesia Raciborz"]

{[%evp 12,197,23,7,9,9,24,-10,-9,-3,-3,-8,11,11,15,-17,-23,-16,-22,-60,-60,-53,-38,-66,-60,-68,-60,-55,-57,-47,-52,-54,-49,-51,-51,-55,-44,-44,-50,-43,-41,-110,-110,-108,-107,-107,-70,-72,-70,-97,-104,-103,-100,-94,-87,-91,-83,-84,-70,-70,-62,-69,-62,-62,-63,-64,-64,-64,-63,-70,-70,-63,-63,-63,-69,-72,-59,-67,-58,-62,-62,-79,-79,-79,-79,-79,-79,-79,-79,-79,-79,-79,-79,-79,-79,-79,-79,-79,-79,-79,-79,-79,-79,-79,-79,-79,-79,-79,-79,-79,-79,-79,-79,-79,-79,-79,-79,-79,-79,-79,-79,-79,-79,-79,-79,-79,-79,-79,-79,-79,-79,-79,-79,-79,-79,-79,-79,-79,-79,-79,0,-79,-79,-79,-79,-79,-79,-79,0,-79,-8,-8,-8,-8,-8,-8,-8,-8,-8,-8,0,0,0,0,0,0,0,-8,-8,-8,-8,-8,-8,-8,-8,-8,-8,-8,-8,-8,-7,-7,0,0,0,0,0,0]} 1. d4 d5 2. c4 c6 3. cxd5 cxd5 4. Nc3 Nc6 5. Bf4 Nf6 6. e3 a6 {6...Bf5 is the fancy move. Played by Vladislav Artemiev in June 2020.} 7. Rc1 Bg4 {D10: Slav Defence: 3 cxd5 (without early Nf3) and 3 Nc3.} 8. f3 Bd7 {[#]} 9. e4 $146 ({Predecessor:} 9. Bd3 e6 10. Nge2 Nh5 11. Be5 Qb6 12. Na4 Qa5+ 13. Kf2 Nxe5 14. dxe5 Bxa4 15. b3 {0-1 (24) Zwardon,V (2479)-Motylev,A (2641) chess.com INT 2020}) 9... e6 10. e5 Ng8 11. Be3 Nge7 12. Bd3 Qb6 13. Qd2 Nxe5 $1 ({But not} 13... Nxd4 $2 14. Bb1 $18) 14. dxe5 d4 $36 {[%mdl 2048] Black has the initiative.} 15. Bb5 Bxb5 16. Bxd4 Qd8 17. Ne4 {[#] And now Nd6+ would win.} Nc6 18. Bc3 $1 Qxd2+ 19. Kxd2 Rd8+ 20. Ke3 Rd3+ 21. Kf2 Rd5 22. f4 Bd3 23. Ke3 Bc4 24. Nf3 Rd3+ 25. Kf2 Bxa2 26. Rhd1 (26. Nfd2 $15) 26... Rxd1 $17 27. Rxd1 Bd5 28. Ke3 Bxe4 29. Kxe4 Bc5 30. g4 h5 31. h3 hxg4 32. hxg4 g6 33. f5 gxf5+ 34. gxf5 exf5+ 35. Kxf5 Be7 36. e6 Rh5+ 37. Kg4 Rb5 38. exf7+ Kxf7 39. Kf4 Ke6 40. Ke4 Bf6 41. Rh1 {[#] Hoping for Rh6.} Bxc3 42. bxc3 $15 {[%mdl 4096] Endgame KRN-KRN} Kd6 43. Rh6+ Kc5 44. Kd3 Rb1 45. Rh5+ Kb6 46. Ne5 Rd1+ 47. Kc4 Nxe5+ 48. Rxe5 $17 {KR-KR} Kc6 49. Rc5+ Kd6 {( -> ...b5+)} 50. Rh5 b6 51. Rh6+ Kc7 52. Rh7+ Kc6 53. Rh6+ Rd6 54. Rh5 Re6 55. Kb3 Kd6 56. Kc4 Re4+ 57. Kb3 Re5 58. Rh4 a5 59. Rh8 Kc6 60. Rc8+ Kb5 61. c4+ Ka6 62. Rh8 Re3+ 63. Kb2 Kb7 64. Rh6 Re5 65. Kb3 Kc7 66. Rg6 Re3+ 67. Kb2 Rd3 68. Rh6 Rd6 69. Rh5 Kc6 70. Kc3 Re6 71. Rh3 Re5 72. Rh6+ Kc5 73. Rh3 Rg5 74. Rf3 Rh5 75. Rg3 Re5 76. Rh3 $1 Re1 77. Rh5+ Kc6 78. Rh6+ Kb7 79. Kb3 Re3+ (79... Rf1 $17) 80. Kc2 (80. Kb2 $1 $11) 80... a4 (80... Kc7 $17) 81. Kb2 $11 {The position is equal.} Rb3+ 82. Kc2 Rg3 83. Kb2 Rf3 84. Rg6 Rd3 85. Kc2 Rd8 (85... Rh3 {with more complications.} 86. Kb2 a3+ 87. Ka2 Rc3 88. Rh6 Rg3) 86. Kb2 Rc8 87. Kc3 a3 88. Kb3 Ra8 {aiming for ...a2.} 89. Ka2 (89. Rg2 {feels hotter.} Kc6 90. Rg6+ Kd7 91. Rg2 Ra5 92. Ka2) 89... Ra4 90. Rg3 Kc6 91. Rxa3 Rxc4 92. Rh3 Kb5 93. Kb3 Rc5 94. Rg3 Rf5 95. Rh3 Kc5 96. Rc3+ Kd4 97. Kb4 Rb5+ 98. Kxb5 {White threatens Rc4+ and mate.} Kxc3 99. Kxb6 {Accuracy: White = 90%, Black = 96%.} 1/2-1/2

[Event "DMP Ekstraliga 2020"]
[Site "Krakow"]
[Date "2020.08.29"]
[Round "4.27"]
[White "Markowski, Tomasz"]
[Black "Nguyen, Piotr"]
[Result "1-0"]
[WhiteElo "2548"]
[BlackElo "2422"]
[Annotator "ChessBase"]
[PlyCount "95"]
[EventDate "2020.08.26"]
[EventType "team-tourn"]
[EventCountry "POL"]
[SourceTitle "playchess.com"]
[Source "ChessBase"]
[SourceQuality "1"]
[WhiteTeam "Silesia Raciborz"]
[BlackTeam "Dwie Wieze Krakow"]
[TimeControl "30/5400+30:1800+30"]

1. d4 {[%emt 0:00:00]} Nf6 {[%emt 0:00:01]} 2. Nf3 {[%emt 0:00:00]} g6 {[%emt 0:00:21]} 3. e3 {[%emt 0:00:10]} Bg7 {[%emt 0:00:50]} 4. Be2 {[%emt 0:00:04]} c5 {[%emt 0:02:28]} 5. O-O {[%emt 0:00:39]} O-O 6. dxc5 Na6 {[%emt 0:03:05]} 7. Bxa6 {[%emt 0:04:33]} bxa6 {[%emt 0:00:05]} 8. b3 {[%emt 0:00:29]} Qc7 {[%emt 0:05:13]} 9. Bb2 {[%emt 0:00:17]} Bb7 {[%emt 0:00:44]} 10. Nbd2 {[%emt 0:03:37]} Qxc5 {[%emt 0:00:54]} 11. c4 {[%emt 0:01:03]} d6 {[%emt 0:06:09]} 12. Qe2 {[%emt 0:01:23]} a5 {[%emt 0:01:32]} 13. Rfc1 {[%emt 0:02:47]} e5 {[%emt 0:06:35]} 14. a4 {[%emt 0:01:50]} Nd7 {[%emt 0:05:28]} 15. Ng5 {[%emt 0:08:36]} Qc6 {[%emt 0:04:08]} 16. f3 {[%emt 0:02:20]} Bh6 {[%emt 0:03:09]} 17. Nge4 {[%emt 0:01:55]} f5 {[%emt 0:00:53]} 18. Nf2 {[%emt 0:02:19]} Bg5 {[%emt 0:15:19]} 19. Ba3 {[%emt 0:02:15]} Bd8 {[%emt 0:02:20]} 20. Nd3 {[%emt 0:03:33]} Rb8 {[%emt 0:06:49]} 21. b4 {[%emt 0:12:10]} axb4 {[%emt 0:05:20]} 22. Nxb4 {[%emt 0:00:14]} Qxa4 {[%emt 0:01:28]} 23. Qd3 {[%emt 0:00:21]} a5 {[%emt 0:02:45]} 24. Nc2 {[%emt 0:02:39]} e4 {[%emt 0:02:53]} 25. fxe4 {[%emt 0:02:02]} fxe4 {[%emt 0:02:56]} 26. Qxd6 {[%emt 0:00:32]} Rf6 {[%emt 0:01:31]} 27. Qg3 {[%emt 0:02:02]} Qc6 {[%emt 0:00:33]} 28. Nd4 {[%emt 0:03:03]} Qc7 {[%emt 0:00:12]} 29. Qxc7 {[%emt 0:14:58]} Bxc7 {[%emt 0:00:03]} 30. Nb5 {[%emt 0:00:12]} Be5 {[%emt 0:02:19]} 31. Rab1 {[%emt 0:30:01]} Ba8 {[%emt 0:36:27]} 32. Nb3 {[%emt 0:02:31]} a4 {[%emt 0:03:04]} 33. N3d4 {[%emt 0:00:02]} Nb6 {[%emt 0:02:32]} 34. Be7 {[%emt 0:06:27]} Rf7 {[%emt 0:00:20]} 35. Bd6 {[%emt 0:00:12]} Bxd6 {[%emt 0:01:44]} 36. Nxd6 {[%emt 0:00:02]} Rf6 {[%emt 0:02:21]} 37. c5 {[%emt 0:01:16]} Nd7 {[%emt 0:01:52]} 38. Rxb8+ {[%emt 0:00:56]} Nxb8 {[%emt 0:00:01]} 39. Ra1 {[%emt 0:00:20]} Nd7 {[%emt 0:00:44]} 40. Rxa4 {[%emt 0:00:00]} Bd5 {[%emt 0:00:00]} 41. Ra5 {[%emt 0:00:00]} Kf8 {[%emt 0:00:00]} 42. h3 {[%emt 0:00:00]} h5 {[%emt 0:00:00]} 43. N6b5 {[%emt 0:00:00]} Ke7 {[%emt 0:00:00]} 44. Nc3 {[%emt 0:00:00]} Bc6 {[%emt 0:00:00]} 45. Na2 {[%emt 0:00:00]} Ne5 {[%emt 0:00:00]} 46. Nb4 {[%emt 0:00:00]} Kd7 {[%emt 0:00:00]} 47. Ra7+ {[%emt 0:00:00]} Kc8 {[%emt 0:00:00]} 48. Re7 {[%emt 0:00:00]} 1-0

[Event "DMP Ekstraliga 2020"]
[Site "Krakow"]
[Date "2020.08.29"]
[Round "4.28"]
[White "Zwardon, Vojtech"]
[Black "Krzyzanowski, Marcin"]
[Result "1/2-1/2"]
[WhiteElo "2481"]
[BlackElo "2518"]
[Annotator "ChessBase"]
[PlyCount "59"]
[EventDate "2020.08.26"]
[EventType "team-tourn"]
[EventCountry "POL"]
[SourceTitle "playchess.com"]
[Source "ChessBase"]
[SourceQuality "1"]
[WhiteTeam "Dwie Wieze Krakow"]
[BlackTeam "Silesia Raciborz"]
[TimeControl "30/5400+30:1800+30"]

1. c4 {[%emt 0:00:00]} Nf6 {[%emt 0:00:00]} 2. g3 {[%emt 0:00:00]} c6 {[%emt 0:00:00]} 3. Nf3 {[%emt 0:00:17]} d5 {[%emt 0:00:00]} 4. b3 {[%emt 0:00:31]} g6 {[%emt 0:01:37]} 5. Bb2 {[%emt 0:00:06]} Bg7 {[%emt 0:00:02]} 6. Bg2 {[%emt 0:00:21]} O-O {[%emt 0:00:20]} 7. O-O {[%emt 0:00:12]} a5 {[%emt 0:00:29]} 8. Nc3 {[%emt 0:01:55]} Ne4 {[%emt 0:05:45]} 9. d4 {[%emt 0:09:24]} Nxc3 {[%emt 0:05:00]} 10. Bxc3 {[%emt 0:00:13]} Nd7 {[%emt 0:01:33]} 11. cxd5 {[%emt 0:00:55]} cxd5 {[%emt 0:00:04]} 12. Rc1 {[%emt 0:00:48]} Qb6 {[%emt 0:04:43]} 13. Ne5 {[%emt 0:05:33]} e6 {[%emt 0:01:31]} 14. a4 {[%emt 0:02:10]} Rd8 {[%emt 0:01:54]} 15. e3 {[%emt 0:02:31]} Qd6 {[%emt 0:03:22]} 16. f4 {[%emt 0:10:10]} f6 {[%emt 0:03:34]} 17. Nd3 {[%emt 0:01:50]} b6 {[%emt 0:04:20]} 18. Rf2 {[%emt 0:00:17]} Ba6 {[%emt 0:00:58]} 19. Bb2 {[%emt 0:00:17]} Rac8 {[%emt 0:01:06]} 20. Rfc2 {[%emt 0:01:21]} Rxc2 {[%emt 0:02:37]} 21. Rxc2 {[%emt 0:00:05]} Rc8 {[%emt 0:00:24]} 22. Rxc8+ {[%emt 0:00:04]} Bxc8 {[%emt 0:00:04]} 23. Qc1 {[%emt 0:00:13]} Bb7 {[%emt 0:00:31]} 24. Bh3 {[%emt 0:00:41]} Kf7 {[%emt 0:00:36]} 25. Ba3 {[%emt 0:04:46]} Qc6 {[%emt 0:00:28]} 26. Qxc6 {[%emt 0:00:04]} Bxc6 {[%emt 0:00:04]} 27. Bd6 {[%emt 0:00:03]} Bf8 {[%emt 0:02:17]} 28. Bc7 {[%emt 0:00:07]} Ba3 {[%emt 0:02:21]} 29. Bf1 {[%emt 0:00:15]} Ke7 {[%emt 0:00:53]} 30. Nf2 {[%emt 0:02:01]} 1/2-1/2

[Event "DMP Ekstraliga 2020"]
[Site "Krakow"]
[Date "2020.08.29"]
[Round "4.29"]
[White "Jakubowski, Krzysztof"]
[Black "Mikrut, Dariusz"]
[Result "1-0"]
[WhiteElo "2481"]
[BlackElo "2390"]
[Annotator "ChessBase"]
[PlyCount "87"]
[EventDate "2020.08.26"]
[EventType "team-tourn"]
[EventCountry "POL"]
[SourceTitle "playchess.com"]
[Source "ChessBase"]
[SourceQuality "1"]
[WhiteTeam "Silesia Raciborz"]
[BlackTeam "Dwie Wieze Krakow"]
[TimeControl "30/5400+30:1800+30"]

1. Nf3 {[%emt 0:00:00]} Nf6 {[%emt 0:00:14]} 2. g3 {[%emt 0:00:00]} g6 {[%emt 0:01:22]} 3. b3 {[%emt 0:00:18]} Bg7 {[%emt 0:00:31]} 4. Bb2 {[%emt 0:00:07]} a5 {[%emt 0:01:33]} 5. c4 {[%emt 0:03:52]} O-O {[%emt 0:01:23]} 6. Nc3 {[%emt 0:00:27]} c6 {[%emt 0:01:35]} 7. Bg2 {[%emt 0:11:09]} d5 {[%emt 0:01:31]} 8. Rc1 {[%emt 0:01:33]} Ne4 {[%emt 0:10:12]} 9. Na4 {[%emt 0:07:39]} dxc4 {[%emt 0:07:20]} 10. Bxg7 {[%emt 0:04:00]} Kxg7 {[%emt 0:00:07]} 11. bxc4 {[%emt 0:01:19]} Na6 {[%emt 0:03:56]} 12. c5 {[%emt 0:05:55]} Be6 {[%emt 0:09:31]} 13. Qc2 {[%emt 0:04:35]} Nf6 {[%emt 0:01:32]} 14. Qb2 {[%emt 0:00:13]} Qd5 {[%emt 0:06:40]} 15. Nb6 {[%emt 0:36:11]} Qxa2 {[%emt 0:00:37]} 16. Qxa2 {[%emt 0:00:11]} Bxa2 {[%emt 0:00:04]} 17. Nxa8 {[%emt 0:00:05]} Rxa8 {[%emt 0:00:06]} 18. Ne5 {[%emt 0:00:17]} Nb4 {[%emt 0:06:47]} 19. d4 {[%emt 0:01:42]} Rd8 {[%emt 0:10:41]} 20. e3 {[%emt 0:02:57]} Nd7 {[%emt 0:06:33]} 21. Nxd7 {[%emt 0:07:11]} Rxd7 {[%emt 0:01:13]} 22. Kd2 {[%emt 0:00:15]} e5 23. Kc3 {[%emt 0:00:05]} exd4+ {[%emt 0:03:55]} 24. exd4 {[%emt 0:00:31]} Be6 {[%emt 0:07:09]} 25. Rcd1 {[%emt 0:02:37]} Nd5+ 26. Bxd5 Bxd5 {[%emt 0:01:12]} 27. Rhe1 {[%emt 0:00:36]} a4 {[%emt 0:00:00]} 28. Kb4 {[%emt 0:01:15]} Bb3 {[%emt 0:01:57]} 29. Rd2 {[%emt 0:03:09]} Kf8 {[%emt 0:00:17]} 30. Ka5 h5 31. h3 {[%emt 0:31:00]} Rd8 {[%emt 0:33:04]} 32. Kb6 {[%emt 0:01:17]} Rd7 {[%emt 0:01:19]} 33. Re3 {[%emt 0:00:17]} Bc4 {[%emt 0:00:15]} 34. Ka5 {[%emt 0:03:28]} Bb3 {[%emt 0:00:39]} 35. Kb4 {[%emt 0:00:23]} Rd8 {[%emt 0:00:33]} 36. f4 {[%emt 0:00:30]} Ra8 {[%emt 0:00:30]} 37. Ka3 {[%emt 0:00:18]} Rd8 {[%emt 0:04:10]} 38. Re5 {[%emt 0:00:13]} Rb8 {[%emt 0:02:59]} 39. f5 {[%emt 0:00:37]} f6 {[%emt 0:02:13]} 40. Re3 {[%emt 0:00:00]} gxf5 {[%emt 0:00:00]} 41. Rf2 {[%emt 0:00:00]} Rd8 {[%emt 0:00:00]} 42. Rxf5 {[%emt 0:00:00]} Rxd4 {[%emt 0:00:00]} 43. Rxf6+ {[%emt 0:00:00]} Kg7 {[%emt 0:00:00]} 44. Rd6 {[%emt 0:00:00]} 1-0